Adjective-Noun Homonyms Quiz Stats

 Plays Quiz Updated May 16, 2014

Also try: Animal Adjectives
Challenge
Share
Tweet
Embed
Score 0/24 Timer 10:00
0 Plays Today
Clue Homonyms % Correct
A red-yellowish citrus fruitorange orange
69.8%
A compatible four-sided objectsquare square
68.8%
An acceptable monetary punishmentfine fine
61.6%
An existent giftpresent present
61.4%
A sour pietart tart
52.8%
A short-lived period of starvationfast fast
51.8%
A huge extinct prehistoric animalmammoth mammoth
51.7%
A dull grasslandplain plain
46.6%
A tender ulcersore sore
45.8%
A harmless locked devicesafe safe
45.8%
A scarce brightnesslight light
39.7%
A wide womanbroad broad
33.3%
Clue Homonyms % Correct
A gentle typekind kind
30.8%
A concise summarybrief brief
29.8%
A uniformly horizontal floorlevel level
28.5%
A favorable item for salegood good
27.2%
An identical preferencelike like
23.7%
A posh notion or whimfancy fancy
15.6%
A pleasing exhibitionfair fair
9.7%
An unimportant childminor minor
8.1%
A suitable powerright right
7.6%
An ordinary measure of centricityaverage average
7.5%
An imperceptible involuntary fallfaint faint
6.6%
A common criterionstandard standard
6.5%

You're not logged in!

Compare scores with friends on all Sporcle quizzes.
OR
Log In

You Might Also Like...

Show Comments

Extras

Top Quizzes Today


Score Distribution

Your Account Isn't Verified!

In order to create a playlist on Sporcle, you need to verify the email address you used during registration. Go to your Sporcle Settings to finish the process.

Report this User

Report this user for behavior that violates our Community Guidelines.

Details: